2021 VCE Philosophy Quiz - Statistics

General Stats
  • This quiz has been taken 20 times
  • The average score is 3 of 12
Answer Stats
Thomas Nagel Answer % Correct
There exists only material things Materialism
90%
The study of structures of consciousness as experienced from the first person POV Phenomenology
50%
There exists only physical things (matter, force, energy) Physicalism
45%
The mind is the primary source of knowledge Rationalism
35%
The much abused practice of reducing complex phenomena to basic analogies Reductionism
35%
Mental states are identified by what they do rather than what they are made of Functionalism
30%
The stance that our own mental activity is the only unquestionable fact of our experience. Subjectivism
15%
Therefore, the mind-body problem is... Unsolvable
15%
Bat Experiment: Conscious is... Subjective
10%
Awake and aware and aware of awareness Conscuiousness
5%
The stance that mental states and neural states are like theoretical identifications such as identifying water with H20 Psychophysical Identification
5%
Bats have different ... than humans Sensory Perceptions
5%
No matching quizzes found
Score Distribution
Percent of People with Each Score
Percentile by Number Answered
Your Score History
You have not taken this quiz